00978 2200193 4500001002100000005001500021035002000036008004100056245003900097100002500136250000600161260004800167300001200215084001400227082000800241650001000249520051300259990001200772INLIS00000000000112720240520023529 a0010-0524000362240520 0 ind 1 aCewek Matre /cT. Sandi Situmorang aSitumorang, T. Sandi a1 aYogyakarta :bSheila ( Andi Offset ),c2007 a198 hlm a813 SAN c a813 4aFiksi a"Naksir Kiki? Kalau bisa jangan deh!" "Lo kan tahu reputasinya. Dia akan morotin elo sampai habis." Cinta memang buta atau tepatnya tolol. Sekarang Roni baru merasakan sakitnya. Ia pikir dengan cintanya yang tulus murni, Kiki akan berubah dan menyadari cinta lebih berharga ketimbang harta. Mata Kiki terbelalak melihat Ferrari yang berjalan lambat didepannya. Bagai mimpi melihat mobil semewah itu berada di jalanan kota Medan. Perlahan mobil itu mundur dan menepi. Segera Kiki memasang tampang manisnya. a0744105